000 00441nam a2200181Ia 4500
001 2958
005 20260306144845.0
008 260306t1994||||xx |||||||||||||| ||spa||
041 _aESP
082 _a234.91
_bV61
100 _aVial R., Camilo
_eAUT
245 0 _aCultura, modernidad e iglesia en Chile a la luz de Santo Domingo
260 _c1994
300 _a
_c22 cm.
650 _aGEN
654 _aCHU
942 _cLIB
_dJUS
_fJUS
_2ddc
_n
999 _c2958
_d2958